000 00619nam a22002057a 4500
005 20170124110251.0
010 _aB-061961
020 _c90.00
035 _aB-061961
037 _bCen Lib/Ret
040 _aDPL
_bEN
082 _a371.425
_bHOW
245 _aHow to get a well paid job :
_band reac the top /
260 _aDelhi
_bStudent aid publications
_c2001
270 _a43-A, Krishna enclave Pkt. A Ashok Vihar phase -III
_bDelhi
_e110052
300 _a195p.
_c21cm(Hb)
650 _aCareer planning
_99784
650 _aSelf development
_913325
942 _2ddc
_cEN
_h371.425
_kHOW
999 _c135846
_d135846